000 00623nam a2200169 a 4500
001 000042342
005 20201002040106.0
008 131127s2003 sp ac 000 0 spa d
020 _a8481812730
040 _aDO-SdBNP
_bspa
_cBNPHU
100 1 _aBrachetti, Ángela
_969407
245 1 3 _aEl año en Fiestas :
_bla convivencia con los dioses en los Andes del Péru, textoy fotografías deÁngela Brachetti /
_cÁngela Brachetti.
260 _a[Madrid] :
_bMinisterio de Cultura,
_c2003.
300 _a260 p. :
_bil., retrs. ;
_c32 cm.
504 _aBibliografía : p. 255-260
710 2 _aMinisterio de Cultura (España)
_969408
999 _c41831
_d41831